Score 0/30 Timer 01:00
0 Plays Today
% Correct
Woody
75.9%
Bob Parr
75.7%
Mr. Potato Head
75.5%
Dory
75.2%
Nemo
74.6%
Lightning McQueen
74.1%
Buzz Lightyear
74%
WALL-E
72.4%
Elastigirl
71.4%
Mike Wazowski
69.6%
Rex
67.8%
Jessie
67.8%
Lots-O'-Huggin' Bear
67.6%
Boo
66%
Anger
65.7%
% Correct
James P. 'Sulley' Sullivan
64.8%
Joy
64.5%
(Tow) Mater
62.6%
Violet Parr
60.9%
Carl Fredricksen
59.3%
Prospector
58.8%
Remy
55.5%
Eve
52.6%
Randall
51.3%
Bruce
48.6%
Hopper
48.2%
Flik
44.5%
Sally Carrera
39.6%
Crush
38.4%
Destiny
26%
Remove Ads.
Support Sporcle.
Get the best of Sporcle when you Go Orange. This ad-free experience offers more features, more stats, and more fun while also helping to support Sporcle. Thank you for becoming a member.

You're not logged in!

Compare scores with friends on all Sporcle quizzes.
OR
Log In

Sporcle TV

Today on Sporcle TV


Watch our educational content, quiz creation guides, and fun videos on Sporcle TV.

Show Comments

Extras

Top Quizzes Today


Score Distribution

Paid Content

Your Account Isn't Verified!

In order to create a playlist on Sporcle, you need to verify the email address you used during registration. Go to your Sporcle Settings to finish the process.

Report this User

Report this user for behavior that violates our Community Guidelines.

Details: